000 00566nam a2200181 i 4500
001 71120
003 ES-MaACL
005 20230906171028.0
007 t|
008 040805s1971 sp ||||1| spa d
100 1 _aGaucher, Roland.
_955985
245 1 3 _aLa oposición en la U.R.S.S.
_b: 1917-1967 /
_cRoland Gaucher ; [versión de Manuel Castillo Molina].
250 _a[1ª ed.].
260 _aBarcelona :
_bLuis de Caralt,
_c[1971]
300 _a422 p., 8 lám. ;
_c22 cm.
700 1 _aCastillo Molina, Manuel.
_936753
852 _aES-MaACL
_jC-46835
_bR.77518
999 _c71120
_d71120